[Event "Hannover-ch U16"]
[Site "Bueckeburg"]
[Date "2007.11.04"]
[Round "7"]
[White "Busch, Max"]
[Black "Lenselink, Bjoern"]
[Result "1-0"]
[WhiteElo "1048"]
[BlackElo "1002"]
[PlyCount "105"]
[EventDate "2007.11.01"]
[EventType "swiss"]
[EventRounds "7"]
[EventCountry "GER"]
[SourceTitle "EXT 2021"]
[Source "ChessBase"]
[SourceDate "2020.10.23"]
[SourceVersion "1"]
[SourceVersionDate "2020.10.23"]
[SourceQuality "1"]

1. d4 d5 2. e3 Nc6 3. Nf3 Nf6 4. c4 e6 5. Bd3 b6 6. Nc3 Bb7 7. 0-0 g6 8. Re1 Bg7 9. Qa4 0-0 10. b4 a6 11. Bb2 dxc4 12. Bf1 b5 13. Qc2 Nxb4 14. Qd1 Ne4 15. Nxe4 Bxe4 16. Ba3 Nc2 17. Bxf8 Kxf8 18. Nd2 Nxe1 19. Nxe4 Qh4 20. Nc5 Nd3 21. Bxd3 cxd3 22. Qxd3 Ke7 23. Qa3 a5 24. Nb7+ b4 25. Qa4 Qh5 26. a3 bxa3 27. Qxa3+ Ke8 28. h3 Bf8 29. Qa4+ Ke7 30. Rc1 Kf6 31. Rxc7 Ra7 32. Qd7 Qd5 33. Qxf7+ Kg5 34. f4+ Kh5 35. Qxh7+ Bh6 36. Rc5 a4 37. Rxd5+ exd5 38. g4+ Kh4 39. Qxh6+ Kg3 40. Nc5 Rc7 41. f5 g5 42. Qxg5 Kxh3 43. Qh6+ Kg3 44. Qf4+ Kh4 45. Qxc7 a3 46. Qa5 Kxg4 47. f6 Kg3 48. f7 a2 49. f8Q a1Q+ 50. Qxa1 Kg4 51. Qaf1 Kg3 52. Qg2+ Kh4 53. Qh6# 1-0